000
00213 a2200097 4500
001
25961
100
_a
Paxton J
245
_a
the statesman's year book 1978-79
260
_a
_b
Macmillan
_c
090
_c
17564
_d
17564
942
_a
NUST-CAE
_c
M
_c
8407
999
_c
261034
_d
261034